000 01458nam a22003617a 4500
003 CHAP
005 20220329134916.0
008 971013s1976 r 00010 d
010 _a27905
011 _a28877
035 _a32988
040 _cCHAP
082 _a517.38
_bK5Y
100 0 0 _aKiseliov, A.
_963376
245 _aProblemas de ecuaciones diferenciales ordinarias
260 _aMéxico, D. F. :
_bCultura Popular,
_c1976
300 _a219 p.
590 _aBATCH-UPD
_b10
_c20130110
_lUCH01
_h0922
590 _aCONVERSION
_b10
_c20130109
_lUCH01
_h1316
650 1 4 _aEcuaciones diferenciales.
_935306
700 0 _aKrasnov, M.
_963873
700 0 _aMakarenko, G.
_969949
901 _aBK
942 _cLIBRO
949 _a517.38 K5Y
_bBC
_cLIBRO
_d-76743
_eLIBRO
_fc.2
_h45896
_i32988
_si
_t45.00
949 _a517.38 K5Y
_bBC
_cLIBRO
_d33724000135851
_eLIBRO
_fc.7
_gI. c/e
_h77131
_i32988
_si
_t45.00
949 _a517.38 K5Y
_bBC
_cLIBRO
_d33724000135869
_eLIBRO
_fc.8
_gI. c/e
_h77132
_i32988
_si
_t45.00
949 _a517.38 K5Y
_bBC
_cLIBRO
_d33724000135877
_eLIBRO
_fc.4
_h77128
_i32988
_si
_t45.00
949 _a517.38 K5Y
_bBC
_cLIBRO
_d33724000135885
_eLIBRO
_fc.3
_h68112
_i32988
_si
_t45.00
949 _a517.38 K5Y
_bBC
_cLIBRO
_d33724000136065
_eLIBRO
_gI. c/e
_h45895
_i32988
_si
_t45.00
949 _a517.38 K5Y
_bBC
_cLIBRO
_d33724000136073
_eLIBRO
_fc.5
_h77129
_i32988
_si
_t45.00
949 _a517.38 K5Y
_bBC
_cLIBRO
_d33724000136081
_eLIBRO
_fc.6
_gI. c/e
_h77131
_i32988
_si
_t45.00
999 _c27905
_d27905